|
|
|
|
| LEADER |
00000nas a2200000 i 4500 |
| 001 |
ssj0001826690 |
| 003 |
WaSeSS |
| 005 |
20200512172242.0 |
| 006 |
m d |
| 007 |
cr n |
| 008 |
130717c20149999nz || pos 0 0eng |
| 010 |
|
|
|a 2017243132
|
| 016 |
7 |
|
|a 101703383
|2 DNLM
|
| 022 |
|
|
|a 2324-5344
|l 2324-5344
|
| 035 |
|
|
|a (WaSeSS)ssj0001826690
|
| 040 |
|
|
|a NZ1
|b eng
|e pn
|c NZ1
|d OCLCO
|d OCLCF
|d NLM
|d OCLCO
|d OCLCA
|d VT2
|d NZ1
|d WaSeSS
|
| 042 |
|
|
|a nznb
|a pcc
|
| 060 |
0 |
0 |
|a W1
|
| 082 |
0 |
4 |
|a 617.9178
|2 23
|
| 130 |
0 |
|
|a Robotic surgery (Auckland)
|
| 210 |
1 |
|
|a Robot. surg.
|
| 210 |
1 |
0 |
|a Robot Surg
|2 dnlm
|
| 222 |
|
0 |
|a Robotic surgery
|
| 245 |
1 |
0 |
|a Robotic surgery
|h [electronic resource] :
|b research and reviews.
|
| 246 |
1 |
|
|i Title in HTML header:
|a Journal of robotic surgery
|
| 260 |
|
|
|a [Auckland] :
|b Dovepress,
|c [2014]-
|
| 310 |
|
|
|a Annual
|
| 362 |
1 |
|
|a Began with 2014:1.
|
| 506 |
|
|
|a License restrictions may limit access.
|
| 515 |
|
|
|a Articles added irregularly during the year and collected into annual issues.
|
| 588 |
|
|
|a Description based on: 2014:1; title from PDF caption (publisher's website, viewed on March 24, 2014).
|
| 588 |
|
|
|a Latest issue consulted: 2017:4 (viewed on May 24, 2017).
|
| 650 |
|
0 |
|a Surgical robots
|v Periodicals.
|
| 650 |
|
0 |
|a Robotics in medicine
|v Periodicals.
|
| 650 |
|
7 |
|a Robotics in medicine.
|2 fast
|0 (OCoLC)fst01099025
|
| 650 |
|
7 |
|a Surgical robots.
|2 fast
|0 (OCoLC)fst01741251
|
| 650 |
1 |
2 |
|a Robotic Surgical Procedures.
|
| 655 |
|
0 |
|a Electronic journals.
|
| 856 |
4 |
0 |
|z Full text available from Research Library: 01/01/2014 to present
|u https://search.proquest.com/publication/3933277
|